00549nam a2200205Ia 4500008004100000020001800041050001600059050001400075100001600089245003600105245004800141245003200189260001500221260001700236260000900253300001500262300001100277440003900288650001600327180620s9999 xx 000 0 und d a0-07-141406-1 aREF HD 57.7 b.C69 2003 aCox, Danny. 0aLeadership when the heat's on : 0b24 lessons in high performance management / 0cDanny Cox with John Hoover. aNew York : bMcGraw-Hill, c2003 a48 pages : c23 cm. aMcGraw-Hill professional education aLeadership.